000 00692nam a2200289Ia 4500
005 20260324121830.0
008 008 260324s9999 xx 000 0 eng d
020 _a9780203796283
037 _aEBOOK
040 _aCRL
040 _beng
040 _cCRL
041 _2eng
041 _aeng
084 _qCRL
100 _aHarriet Hawkins
_91164047
245 0 _aFor Creative Geographies
245 0 _bGeography, Visual Arts and the Making of Worlds
260 _bTaylor and Francis
260 _c2013
365 _a
365 _b255
856 _uhttp://www.taylorfrancis.com/books/9780203796283
942 _cEBOOK
999 _c1756387
_d1756387